000 00777nam a2200253 a 4500
001 55354
003 BD-RjUL
005 20211209080243.0
008 161117s1972 njua b 001 0 eng
020 _a0136427022
035 _a(BD-RjUL)55476
040 _aDLC
_cDLC
_dBD-RjUL
_beng
041 _aeng
082 0 0 _223
_a552.5
_bBLO 1972
100 1 _aBlatt, Harvey.
_9119145
245 1 0 _aOrigin of sedimentary rocks /
_cby Harvey Blatt, Gerard Middleton and Raymond Murray.
260 _aEnglewood Cliffs, N.J :
_bPrentice-Hall,
_c1972.
300 _axix, 634 p. :
_billus. ;
_c24 cm.
504 _aIncludes bibliographies.
650 0 _aSedimentary rocks.
_9165097
700 1 _aMiddleton, Gerard V.,
_9226993
700 1 _aMurray, Raymond C.,
_9226994
942 _2ddc
_cBK
999 _c55354
_d55354